00667 2200229 4500001002100000005001700021008004100038020001800079035002400097082001100121090002100132245008000153260002700233300003100260500004300291650003200334850001300366980001500379985000600394986001400400999002300414YOGYA-0209000005668420090227034056.0 ind  a979-731-643-2 0010-020900000056684 a005.74 a005.74bMemlDEP aMEMBUAT Aplikasi Database karyawan Online Berbasis Web dengan PHP dan MySQL aYogyakartabAndic2005 aviii, 252 hlmbilusc23 cm aDiterbitkan bekerjasama dengan MADCOMS aDatabase (Program komputer) aYOPDYOGM a10-05-2005 a1 aumiertrev a2005-085 h CB-D.11